Chance League Players - Statistics

General Stats
  • This quiz has been taken 12 times
  • The average score is 95 of 312
Answer Stats
Team Nationality Age Postition Answer % Correct
SLAVIA PRAHA Greece 22 M Christos Zafeiris
100%
BANÍK OSTRAVA Slovakia 27 A Erik Prekop
100%
SLAVIA PRAHA Czechia 29 GK Jindřich Staněk
100%
VIKTORIA PLZEŇ Czechia 24 M Lukáš Červ
100%
SLAVIA PRAHA Czechia 28 M Lukáš Provod
100%
SPARTA PRAHA Czechia 29 M Lukáš Sadílek
100%
SLAVIA PRAHA Czechia 26 M Michal Sadílek
100%
SLAVIA PRAHA Czechia 26 A Mojmír Chytil
100%
SLAVIA PRAHA Liberia 27 M Oscar Dorley
100%
SPARTA PRAHA Denmark 27 GK Peter Vindahl
100%
SLAVIA PRAHA Czechia 30 A Tomáš Chorý
100%
SLAVIA PRAHA Czechia 32 D Tomáš Holeš
100%
SPARTA PRAHA Kosovo 24 A Albion Rahmani
86%
VIKTORIA PLZEŇ Bosnia 24 A Amar Memič
86%
SLAVIA PRAHA Czechia 27 M David Douděra
86%
SLAVIA PRAHA Czechia 24 D David Zima
86%
SPARTA PRAHA Czechia 29 D Filip Panák
86%
SLAVIA PRAHA Nigeria 25 D Igoh Ogbu
86%
SLAVIA PRAHA Slovakia 31 A Ivan Schranz
86%
SLAVIA PRAHA Czechia 34 D Jan Bořil
86%
SPARTA PRAHA Czechia 28 A Jan Kuchta
86%
SPARTA PRAHA Slovakia 29 A Lukáš Haraslín
86%
VIKTORIA PLZEŇ Czechia 27 GK Martin Jedlička
86%
BANÍK OSTRAVA Czechia 21 M Matěj Šín
86%
VIKTORIA PLZEŇ Czechia 33 A Matěj Vydra
86%
SPARTA PRAHA Czechia 22 M Patrik Vydra
86%
VIKTORIA PLZEŇ Czechia 24 M Pavel Šulc
86%
VIKTORIA PLZEŇ Nigeria 22 A Rafiu Durosinmi
86%
SLAVIA PRAHA Czechia 22 D Štěpán Chaloupek
86%
DUKLA PRAHA Czechia 22 A Tomáš Jedlička
86%
BANÍK OSTRAVA Slovakia 23 M Tomáš Rigo
86%
VIKTORIA PLZEŇ Czechia 30 D Václav Jemelka
86%
SPARTA PRAHA Serbia 27 A Veljko Birmančevič
86%
SPARTA PRAHA Ecuador 27 M Angelo Preciado
71%
SLAVIA PRAHA Japan 26 D Daiki Hashioka
71%
SLAVIA PRAHA Nigeria 21 M David Moses
71%
SLAVIA PRAHA Liberia 19 M Divine Teah
71%
BANÍK OSTRAVA Slovakia 31 GK Dominik Holec
71%
SPARTA PRAHA Nigeria 21 D Emmanuel Uchenna
71%
JABLONEC Czechia 34 A Jan Chramosta
71%
SPARTA PRAHA Czechia 32 D Jaroslav Zelený
71%
BANÍK OSTRAVA Czechia 27 D Matěj Chaluš
71%
SLOVAN LIBEREC Czechia 27 M Michal Hlavatý
71%
VIKTORIA PLZEŇ Ghana 21 A Prince Adu
71%
VIKTORIA PLZEŇ Liberia 23 D Sampson Dweh
71%
VIKTORIA PLZEŇ Serbia 25 D Svetozar Markovič
71%
BOHEMIANS Czechia 26 A Václav Drchal
71%
SLAVIA PRAHA Czechia 25 A Vasil Kušej
71%
BOHEMIANS Bahrain 32 A Yusuf
71%
KARVINÁ Senegal 26 A Abdallah Gning
57%
SPARTA PRAHA Czechia 21 D Adam Ševinský
57%
HRADEC KRÁLOVÉ Czechia 24 GK Adam Zadražil
57%
SLOVAN LIBEREC Nigeria 25 A Ahmad Ghali
57%
BANÍK OSTRAVA Czechia 26 M David Buchta
57%
SPARTA PRAHA Slovakia 21 M Dominik Hollý
57%
PARDUBICE Czechia 23 D Dominik Mašek
57%
SPARTA PRAHA Belgium 27 D Elias Cobbaut
57%
VIKTORIA PLZEŇ Austria 24 GK Florian Wiegele
57%
JABLONEC Czechia 27 D Jakub Martinec
57%
JABLONEC Czechia 37 GK Jan Hanuš
57%
DUKLA PRAHA Czechia 35 M Jan Peterka
57%
PARDUBICE Czechia 28 GK Jan Stejskal
57%
SLOVAN LIBEREC Czechia 21 A Lukáš Mašek
57%
ZLÍN Czechia 25 A Matěj Koubek
57%
JABLONEC Czechia 24 M Michal Beran
57%
SLOVÁCKO Czechia 42 M Milan Petržela
57%
SIGMA OLOMOUC Nigeria 25 A Muhamed Tijani
57%
SLAVIA PRAHA Czechia 26 M Ondřej Zmrzlý
57%
SPARTA PRAHA Czechia 33 D Pavel Kadeřábek
57%
SLOVAN LIBEREC Latvia 23 A Raimonds Krollis
57%
DUKLA PRAHA Nigeria 23 M Samson Tijani
57%
SLOVAN LIBEREC Czechia 32 GK Tomáš Koubek
57%
VIKTORIA PLZEŇ Czechia 28 M Tomáš Ladra
57%
SPARTA PRAHA Nigeria 25 A Victor Olatunji
57%
PARDUBICE Nigeria 27 A Abdullahi Tanko
43%
HRADEC KRÁLOVÉ Czechia 30 M Adam Vlkanova
43%
MLADÁ BOLESLAV Czechia 33 GK Aleš Mandous
43%
SPARTA PRAHA Denmark 29 D Asger Sorensen
43%
BANÍK OSTRAVA Czechia 26 M Christian Frýdek
43%
VIKTORIA PLZEŇ Czechia 21 A Christophe Kabongo
43%
SIGMA OLOMOUC Czechia 27 A Daniel Vašulín
43%
BANÍK OSTRAVA Czechia 27 D David Lischka
43%
MLADÁ BOLESLAV Czechia 23 M David Pech
43%
JABLONEC Czechia 32 A David Puškáč
43%
SLOVAN LIBEREC Czechia 26 D Dominik Plechatý
43%
KARVINÁ Gambia 21 A Ebrima Singhateh
43%
SPARTA PRAHA Kosovo 26 A Erman Krasniqi
43%
SLOVAN LIBEREC Austria 20 M Ermin Mahmic
43%
JABLONEC Czechia 35 D Filip Novák
43%
SIGMA OLOMOUC Czechia 20 GK Jan Koutný
43%
BANÍK OSTRAVA Czechia 26 M Jiří Boula
43%
KARVINÁ Czechia 40 D Jiří Fleišman
43%
SIGMA OLOMOUC Czechia 26 M Jiří Spáčil
43%
SPARTA PRAHA Finland 26 M Kaan Kairinen
43%
VIKTORIA PLZEŇ Czechia 22 D Karel Spáčil
43%
BANÍK OSTRAVA Slovakia 26 A Ladislav Almási
43%
PARDUBICE Czechia 24 A Ladislav Krobot
43%
JABLONEC Gambia 30 A Lamin Jawo
43%
SLOVAN LIBEREC Czechia 32 M Lukáš Masopust
43%
JABLONEC Czechia 23 D Martin Cedidla
43%
SIGMA OLOMOUC Czechia 21 D Matěj Hadaš
43%
TEPLICE Czechia 28 A Matěj Pulkrab
43%
SPARTA PRAHA Czechia 24 M Matěj Ryneš
43%
VIKTORIA PLZEŇ Czechia 25 M Matěj Valenta
43%
MLADÁ BOLESLAV Czechia 21 A Matyáš Vojta
43%
VIKTORIA PLZEŇ Iraq 25 D Merchas Doski
43%
ZLÍN Czechia 26 M Michal Cupák
43%
HRADEC KRÁLOVÉ Netherlands 32 A Mick van Buren
43%
SLOVÁCKO Czechia 34 GK Milan Heča
43%
JABLONEC Serbia 28 D Nemanja Tekijaški
43%
BANÍK OSTRAVA Ghana 28 D Patrick Kpozo
43%
SLOVÁCKO Slovakia 27 M Patrik Blahút
43%
SIGMA OLOMOUC Czechia 35 M Radim Breite
43%
SPARTA PRAHA Equatorial Guinea 24 M Santiago Eneme
43%
JABLONEC Slovakia 23 M Sebastián Nebyla
43%
SIGMA OLOMOUC Cameroon 23 M Simion Michez
43%
BANÍK OSTRAVA Czechia 25 A Tomáš Zlatohlávek
43%
VIKTORIA PLZEŇ Czechia 20 M Tom Slončík
43%
JABLONEC Georgia 31 M Vakhtang Chanturishvili
43%
PARDUBICE Czechia 23 M Vojtěch Sychra
43%
HRADEC KRÁLOVÉ Czechia 22 M Alexandr Sojka
29%
JABLONEC Cameroon 28 M Alexis Alegue
29%
SLOVAN LIBEREC Uganda 22 D Aziz Kayondo
29%
HRADEC KRÁLOVÉ Czechia 25 D Daniel Horák
29%
PARDUBICE Czechia 27 D David Šimek
29%
TEPLICE Czechia 22 D Denis Halinský
29%
BANÍK OSTRAVA Germany 24 M Dennis Owusu
29%
KARVINÁ Czechia 22 A Filip Vecheta
29%
SLOVAN LIBEREC Ukraine 21 M Ivan Varfolomeev
29%
ZLÍN Czechia 25 D Jakub Kolář
29%
BOHEMIANS Czechia 27 M Jan Matoušek
29%
DUKLA PRAHA Czechia 31 D Jaroslav Svozil
29%
MLADÁ BOLESLAV Czechia 28 A Jiří Klíma
29%
BANÍK OSTRAVA Czechia 23 D Karel Pojezný
29%
SPARTA PRAHA Cameroon 21 A Kevin-Prince Milla
29%
SLOVAN LIBEREC Slovakia 24 A Lukáš Letenay
29%
SPARTA PRAHA Denmark 26 M Magnus Andersen
29%
DUKLA PRAHA Greece 26 D Marios Pourzitidis
29%
SPARTA PRAHA Czechia 22 D Martin Suchomel
29%
MLADÁ BOLESLAV Czechia 22 M Michal Ševčík
29%
SLOVÁCKO Czechia 31 M Michal Trávník
29%
VIKTORIA PLZEŇ Czechia 30 D Milan Havel
29%
KARVINÁ Guinea 20 A Ousmane Conde
29%
SLOVAN LIBEREC Czechia 22 A Petr Juliš
29%
SLOVÁCKO Czechia 36 D Petr Reinberk
29%
MLADÁ BOLESLAV Czechia 28 M Roman Macek
29%
PARDUBICE Czechia 23 M Samuel Šimek
29%
BOHEMIANS Czechia 19 M Šimon Černý
29%
ZLÍN Czechia 34 GK Stanislav Dostál
29%
PARDUBICE Czechia 20 M Štěpán Míšek
29%
DUKLA PRAHA Czechia 22 A Štěpán Šebrle
29%
HRADEC KRÁLOVÉ Czechia 33 D Tomáš Petrášek
29%
ZLÍN Czechia 36 A Tomáš Poznar
29%
BOHEMIANS Estonia 28 M Vlasiy Sinyavskiy
29%
SLOVAN LIBEREC Czechia 22 A Vojtěch Stránský
29%
HRADEC KRÁLOVÉ Slovakia 21 A Adam Griger
14%
BOHEMIANS Czechia 22 D Adam Kadlec
14%
VIKTORIA PLZEŇ Slovenia 22 M Adrian Zeljkovič
14%
KARVINÁ Czechia 21 D Albert Labík
14%
BOHEMIANS Czechia 30 M Aleš Čermák
14%
BANÍK OSTRAVA Denmark 27 D Alexander Munksgaard
14%
KARVINÁ Czechia 21 M Alexandr Bužek
14%
ZLÍN Czechia 31 D Antonín Křapka
14%
MLADÁ BOLESLAV Czechia 22 M Daniel Langhamer
14%
MLADÁ BOLESLAV Czechia 27 M Daniel Mareček
14%
JABLONEC Czechia 27 D Daniel Souček
14%
TEPLICE Czechia 28 M Daniel Trubač
14%
HRADEC KRÁLOVÉ Czechia 23 D David Ludvíček
14%
KARVINÁ Czechia 20 M David Planka
14%
JABLONEC Czechia 28 D David Štěpánek
14%
PARDUBICE Czechia 25 M Denis Darmovzal
14%
KARVINÁ Czechia 25 M Denny Samko
14%
MLADÁ BOLESLAV Czechia 29 M Dominik Kostka
14%
PARDUBICE France 25 M Dominique Simon
14%
BANÍK OSTRAVA Czechia 25 A Filip Kubala
14%
MLADÁ BOLESLAV Czechia 23 A Filip Lehký
14%
SLOVÁCKO Slovakia 25 D Filip Vaško
14%
SLOVÁCKO Angola 31 D Gigli Ndefe
14%
BANÍK OSTRAVA Greece 27 D Giorgos Kornezos
14%
SIGMA OLOMOUC Czechia 22 A Jáchym Šíp
14%
MLADÁ BOLESLAV Czechia 31 M Jakub Fulnek
14%
ZLÍN Czechia 38 D Jan Kalabiška
14%
SIGMA OLOMOUC Czechia 26 D Jan Král
14%
JABLONEC Czechia 29 M Jan Suchan
14%
BOHEMIANS Czechia 29 D Jan Vondra
14%
MLADÁ BOLESLAV Czechia 19 M Jan Zika
14%
SIGMA OLOMOUC Czechia 26 D Jiří Sláma
14%
MLADÁ BOLESLAV Czechia 18 M Josef Kolářík
14%
KARVINÁ Slovakia 27 D Kristián Vallo
14%
TEPLICE Czechia 33 M Ladislav Krejčí
14%
TEPLICE Czechia 29 D Ladislav Takács
14%
DUKLA PRAHA Czechia 26 M Marcel Čermák
14%
MLADÁ BOLESLAV Slovakia 30 D Martin Králik
14%
SIGMA OLOMOUC Czechia 21 M Matěj Mikulenka
14%
TEPLICE Czechia 26 GK Matouš Trmal
14%
TEPLICE Czechia 24 A Matyáš Kozák
14%
SLOVÁCKO Czechia 32 A Michael Krmenčík
14%
TEPLICE Czechia 27 M Michal Bílek
14%
ZLÍN Czechia 24 D Michal Fukala
14%
BANÍK OSTRAVA Czechia 25 M Michal Kohút
14%
BOHEMIANS Czechia 32 GK Michal Reichl
14%
PARDUBICE Czechia 27 D Michal Surzyn
14%
PARDUBICE Czechia 19 D Mikuláš Konečný
14%
BOHEMIANS Macedonia 27 A Milan Ristovski
14%
JABLONEC Burkina Faso 23 D Nassim Innocenti
14%
HRADEC KRÁLOVÉ Czechia 28 A Ondřej Mihálik
14%
SLOVÁCKO Czechia 24 M Pavel Juroška
14%
KARVINÁ Guinea 22 D Sahmkou Camara
14%
HRADEC KRÁLOVÉ Slovakia 27 M Samuel Dancák
14%
DUKLA PRAHA Nigeria 21 D Samuel Isife
14%
KARVINÁ Czechia 22 M Samuel Šigut
14%
SLOVAN LIBEREC Czechia 24 D Šimon Gabriel
14%
SLOVAN LIBEREC Nigeria 19 M Soliu Afolabi
14%
MLADÁ BOLESLAV Nigeria 23 A Solomon John
14%
MLADÁ BOLESLAV Czechia 20 D Tomáš Král
14%
HRADEC KRÁLOVÉ Czechia 36 M Václav Pilař
14%
HRADEC KRÁLOVÉ Czechia 34 M Vladimír Darida
14%
SLOVÁCKO Czechia 34 M Vlastimil Daníček
14%
PARDUBICE Czechia 25 A Vojtěch Patrák
14%
SIGMA OLOMOUC Guinea 25 M Abdoulaye Sylla
0%
KARVINÁ Ivory Coast 20 M Aboubacar Traore
0%
SLOVÁCKO Argentina 26 A Alan Marinelli
0%
SLOVÁCKO Macedonia 22 D Andrej Stojcevski
0%
SIGMA OLOMOUC Czechia 26 A Antonín Růsek
0%
SIGMA OLOMOUC Lithuania 25 M Artur Dolžnikov
0%
BOHEMIANS Zambia 28 M Benson Sakala
0%
ZLÍN Ghana 24 M Cletus Nombil
0%
TEPLICE Czechia 22 D Dalibor Večerka
0%
SLOVÁCKO Czechia 18 A Daniel Barát
0%
TEPLICE Slovakia 20 D Daniel Danihel
0%
SLOVÁCKO Czechia 31 M Daniel Tetour
0%
KARVINÁ Slovakia 26 D Dávid Krčík
0%
BOHEMIANS Czechia 24 D Denis Vala
0%
DUKLA PRAHA Czechia 27 D Dominik Hašek
0%
SIGMA OLOMOUC Czechia 27 M Dominik Janošek
0%
KARVINÁ Nigeria 20 M Emmanuel Ayaosi
0%
DUKLA PRAHA Czechia 20 D Eric Hunal
0%
HRADEC KRÁLOVÉ Czechia 26 D Filip Čihák
0%
MLADÁ BOLESLAV Czechia 22 M Filip Prebsl
0%
PARDUBICE Czechia 24 GK Jáchym Šerák
0%
DUKLA PRAHA France 23 A Jacques Fokam
0%
ZLÍN Czechia 26 D Jakub Černín
0%
HRADEC KRÁLOVÉ Czechia 23 A Jakub Hodek
0%
KARVINÁ Czechia 26 GK Jakub Lapeš
0%
HRADEC KRÁLOVÉ Slovakia 24 D Jakub Uhrinčať
0%
BOHEMIANS Czechia 37 M Jan Kovařík
0%
SIGMA OLOMOUC Czechia 35 M Jan Navrátil
0%
PARDUBICE Czechia 21 D Jan Trédl
0%
SLOVÁCKO Czechia 20 D Jiří Hamza
0%
DUKLA PRAHA Czechia 24 A Jiří Hrubeš
0%
TEPLICE Nigeria 19 A John Auta
0%
SLOVÁCKO Netherlands 23 D Jonathan Mulder
0%
SLOVAN LIBEREC Czechia 23 D Josef Koželuh
0%
TEPLICE Czechia 23 M Josef Švanda
0%
ZLÍN Cameroon 27 M Joss Didiba
0%
SIGMA OLOMOUC Slovakia 29 D Juraj Chvátal
0%
PARDUBICE Czechia 38 M Kamil Vacek
0%
PARDUBICE Ivory Coast 26 M Laurent Kissiedou
0%
PARDUBICE Switzerland 23 D Louis Lurvink
0%
KARVINÁ Nigeria 21 A Lucky Ezeh
0%
ZLÍN Czechia 35 D Lukáš Bartošák
0%
BOHEMIANS Czechia 30 D Lukáš Hůlka
0%
JABLONEC Czechia 21 M Lukáš Penxa
0%
SLOVÁCKO Czechia 30 M Marek Havlík
0%
SLOVAN LIBEREC Czechia 23 M Marek Icha
0%
ZLÍN Slovakia 25 D Marián Pišoja
0%
SLOVÁCKO Austria 28 A Marko Kvasina
0%
DUKLA PRAHA Czechia 25 M Martin Ambler
0%
SLOVÁCKO Slovakia 30 D Martin Koscelník
0%
BOHEMIANS Czechia 32 D Matěj Hybš
0%
PARDUBICE Czechia 18 A Matěj Kvaček
0%
TEPLICE Czechia 22 A Matěj Náprstek
0%
JABLONEC Czechia 25 M Matěj Polidar
0%
TEPLICE Czechia 24 M Matěj Radosta
0%
TEPLICE Slovakia 21 M Matej Riznič
0%
DUKLA PRAHA Czechia 20 M Matěj Žitný
0%
BANÍK OSTRAVA Slovakia 25 D Matúš Rusnák
0%
PARDUBICE Czechia 20 M Milan Lexa
0%
ZLÍN Czechia 31 D Miloš Kopečný
0%
DUKLA PRAHA Austria 22 A Namory Cissé
0%
BOHEMIANS Nigeria 23 M Nelson Okeke
0%
MLADÁ BOLESLAV Czechia 24 M Nicolas Penner
0%
TEPLICE Lithuania 19 D Nojus Audinis
0%
BOHEMIANS Czechia 21 D Ondřej Kukučka
0%
SLOVAN LIBEREC Slovakia 20 M Patrik Dulay
0%
TEPLICE Czechia 21 A Pavel Svatek
0%
BOHEMIANS Nigeria 21 D Peter Kareem
0%
SLOVAN LIBEREC Czechia 21 D Petr Hodouš
0%
ZLÍN Czechia 21 M Radek Ovesný
0%
TEPLICE Czechia 26 M Richard Sedláček
0%
DUKLA PRAHA Latvia 26 GK Rihards Matrevics
0%
BOHEMIANS Czechia 31 M Robert Hrubý
0%
TEPLICE Czechia 26 M Robert Jukl
0%
PARDUBICE Estonia 24 A Robi Saarma
0%
KARVINÁ Slovakia 20 M Rok Štorman
0%
JABLONEC Slovakia 24 M Samuel Lavrinčík
0%
KARVINÁ Czechia 23 A Sebastian Boháč
0%
PARDUBICE Belgium 27 A Simon Bammens
0%
ZLÍN Czechia 21 D Šimon Polášek
0%
ZLÍN Czechia 19 M Stanislav Petruta
0%
ZLÍN Nigeria 26 A Stanley Kanu
0%
HRADEC KRÁLOVÉ Czechia 25 D Štěpán Harazim
0%
SIGMA OLOMOUC Czechia 24 M Štěpán Langer
0%
SIGMA OLOMOUC Macedonia 29 M Tihomir Kostadinov
0%
SIGMA OLOMOUC Czechia 23 M Tkáč David
0%
SIGMA OLOMOUC Slovakia 30 D Tomáš Huk
0%
ZLÍN Czechia 27 M Tom Ulbrich
0%
KARVINÁ Czechia 25 GK Vladimír Neuman
0%
BOHEMIANS Czechia 24 M Vladimír Zeman
0%
TEPLICE Ukraine 23 M Yehor Tsykalo
0%
DUKLA PRAHA Serbia 24 D Zlatan Šehovič
0%
ZLÍN Georgia 25 A Zviad Natchkebia
0%
No matching quizzes found
Score Distribution
Percent of People with Each Score
Percentile by Number Answered
Your Score History
You have not taken this quiz